Improving the energy performance of existing buildings (Record no. 110249)

MARC details
000 -LEADER
fixed length control field 01184cad a22002295a 4500
001 - CONTROL NUMBER
control field E148829
008 - FIXED-LENGTH DATA ELEMENTS--GENERAL INFORMATION
fixed length control field 091112s2009 xxk f s000 0 eng d
035 ## - SYSTEM CONTROL NUMBER
System control number (Sirsi) u148829
041 0# - LANGUAGE CODE
Language code of text/sound track or separate title eng
050 04 - LIBRARY OF CONGRESS CALL NUMBER
Classification number 333.73 $2 18
110 2# - MAIN ENTRY--CORPORATE NAME
Corporate name or jurisdiction name as entry element John Gilbert Architects
9 (RLIN) 3758
245 00 - TITLE STATEMENT
Title Improving the energy performance of existing buildings
Remainder of title office building
Medium [electronic resource]
260 ## - PUBLICATION, DISTRIBUTION, ETC.
Place of publication, distribution, etc. Edinburgh
Name of publisher, distributor, etc. Scottish Government
Date of publication, distribution, etc. 2009
505 2# - FORMATTED CONTENTS NOTE
Formatted contents note Contents -- Acknowledgements -- Glossary -- Executive summary -- Background -- Energy requirements -- The existing building -- The new office wing -- Detailed investigation of solar options -- Conclusions -- Appendices
520 ## - SUMMARY, ETC.
Summary, etc. Presents a case study that examines ways in which the carbon and energy performance of existing office buildings can be improved, whether such improvements are practical, and how much they might cost.
521 ## - TARGET AUDIENCE NOTE
Target audience note Advanced
590 ## - LOCAL NOTE (RLIN)
Local note KA
651 #4 - SUBJECT ADDED ENTRY--GEOGRAPHIC NAME
Geographic name Scotland
Chronological subdivision 1999-
690 ## - LOCAL SUBJECT ADDED ENTRY--TOPICAL TERM (OCLC, RLIN)
Topical term or geographic name as entry element ENVIRONMENTAL AND LAND CONSULTANCY-ENERGY-ENERGY USE-ENERGY EFFICIENCY
856 40 - ELECTRONIC LOCATION AND ACCESS
Uniform Resource Identifier <a href="https://www.sbsa.gov.uk/pdfs/Impr_EP_Office2.pdf">https://www.sbsa.gov.uk/pdfs/Impr_EP_Office2.pdf</a>
Public note View the report free of charge (pdf file) at www.sbsa.gov.uk...
942 ## - ADDED ENTRY ELEMENTS (KOHA)
Suppress in OPAC 0
Holdings
Withdrawn status Lost status Source of classification or shelving scheme Damaged status Not for loan Home library Current library Shelving location Date acquired Total Checkouts Full call number Barcode Date last seen Copy number Price effective from Koha item type
    Dewey Decimal Classification     Virtual Virtual Online 12/11/2009   ONLINE PUBLICATION 148829-2001 06/08/2019 1 06/08/2019 Book